| 000 | 00584nam a2200181 a 4500 | ||
|---|---|---|---|
| 001 | 000042163 | ||
| 005 | 20201002035958.0 | ||
| 008 | 131118s2013 dr 000 0 spa d | ||
| 020 | _a9789945581096 | ||
| 040 |
_aDO-SdBNP _bspa _cBNPHU |
||
| 100 | 1 |
_aMarzán Ramos, Jaime L. _d1945- _969168 |
|
| 245 | 1 | 0 |
_aRita / _cJaime L. Marzán Ramos. |
| 260 |
_aSan Juan, Puerto Rico : _bIsla Negras, _c2013. |
||
| 300 |
_a185 P. ; _c22 cm. |
||
| 490 | 1 | _aLa montaña de papel | |
| 500 | _aIncluye datos biográficos del autor en la solapa de la cubierta. | ||
| 830 | 0 |
_aLa montaña de papel _91186 |
|
| 999 |
_c41652 _d41652 |
||